000 00663nam a2200193Ia 4500
005 20251020182525.0
008 200515s9999 xx 000 0 und d
082 _a691.328/P29
245 0 _aFerrocemento
260 _aMéxico, D.F.
260 _cs.a.
300 _aImcyc
500 _a1 ejemplar
520 _aInformación relacionada con el ferrocemento, y para las personas que deseen saber más respecto a este material. También trata sobre diferentes aspectos del mismo, sus antecedentes históricos, los materiales que lo componen, los procedimientos de construcc
650 _aFERROCEMENTO
650 _aLIB
650 _aPUB IMCYC
942 _cLIB
999 _c1863
_d1863